书目信息 |
| 题名: |
世界各国签证与出入境指南
|
|
| 作者: | 金良浚 编著 | |
| 分册: | ||
| 出版信息: | 北京 中华工商联合出版社 1999 |
|
| 页数: | 20,520页 | |
| 开本: | 26cm | |
| 丛书名: | ||
| 单 册: | ||
| 中图分类: | D523.32 | |
| 科图分类: | ||
| 主题词: | 出入境管理--世界 | |
| 电子资源: | ||
| ISBN: | 7-80100-493-0 | |
| 000 | 00605nam0 2200205 450 | |
| 001 | 1569435413 | |
| 005 | 20150117191735.14 | |
| 010 | @a7-80100-493-0@dCNY58.00 | |
| 100 | @a20021005d1999 em y0chiy0110 ea | |
| 101 | 0 | @achi |
| 102 | @aCN@b110000 | |
| 105 | @ay zgn 000yy | |
| 200 | 1 | @a世界各国签证与出入境指南@9shi jie ge guo qian zheng yu chu ru jing zhi nan@f金良浚编著 |
| 210 | @a北京@c中华工商联合出版社@d1999 | |
| 215 | @a20,520页@d26cm | |
| 606 | 0 | @a出入境管理@y世界 |
| 690 | @aD523.32@v5 | |
| 701 | 0 | @a金良浚@9jin liang jun@4编著 |
| 801 | 0 | @aCN@bTSSF@c20150115 |
| 905 | @aZUCC@dD523.32@eJY92 | |
| 世界各国签证与出入境指南/金良浚编著.-北京:中华工商联合出版社,1999 |
| 20,520页;26cm |
| ISBN 7-80100-493-0:CNY58.00 |
| ● |
| 相关链接 |
|
|
|
|
正题名:世界各国签证与出入境指南
索取号:D523.32/JY92
 
预约/预借
| 序号 | 登录号 | 条形码 | 馆藏地/架位号 | 状态 | 备注 |
| 1 | 7841732 | 278417321 | 学院路分馆/ [索取号:D523.32/JY92] | 在馆 |